000 00636nam a2200181 4500
999 _c11978
_d11978
008 210909b ||||| |||| 00| 0 eng d
020 _a989280100501
082 _a341.75668
_bIMO
100 _aInternational Maritime Organization
245 _aIMDG code : International Maritime Dangerous Goods Code, Incorporating amendment 40-20 V.1
250 _a2020 Ed. V.1
260 _aLondon
_bInternational Maritime Organization
_c2020
300 _axiv, 530p.
650 _aShips--Cargo--Safety regulations
650 _aHazardous substances--Transportation--Law and legislation
650 _aShipping--Safety regulations
942 _cBK